| 000 | 00450cam a2200181ua 4500 | ||
|---|---|---|---|
| 001 | 6636 | ||
| 008 | 140311n ii |||gr||||Z||||||eng | ||
| 040 | _cMAIN | ||
| 082 | _a658 | ||
| 245 |
_aBusiness Environment _cBy S. Sachdeva |
||
| 250 | _a6th rev ed. | ||
| 260 |
_aAgra: _bEducational publishers, _c2009. |
||
| 300 | _ax,422p. | ||
| 653 | _aGeneral management | ||
| 653 | _aBusiness Environment | ||
| 700 |
_aSachdeva,S., _eAuthor. |
||
| 942 | _cBK | ||
| 999 |
_c5785 _d5785 |
||